000 01245njm a22002777a 4500
005 20100906100958.0
007 sd ammalaaahaa
008 100906t xxu||||| |||| 00| 0 hin d
028 _aN. 53341
_bHis Master's Voice
028 _aOJW. 15570
_bHis Master'S Voice
028 _aOJW. 15575
_bHis Master's Voice
035 _aGR-675
040 _aSED/VEN
100 _aMohd Rafi
_918455
245 _aBanarsi thag /
_cby Mohmad Rafi ; music by Iqbal Qureshi ; lyric by Akhtar Lucknavi
_h[sound recording] :
246 _aबनारसी ठग (मोहमद रफ़ी )
260 _aDum Dum India
_bHis Master's Voice
300 _a1 sound disc [Gramophone record] :
_banalog, 33 1/3 rpm
_c10 in.
_fGramophone record
500 _aBrief record
505 _aab mohbat mein jo pehle thee अब मोहबत में जो पहल थी sun sun mere bhai सुन सुन मेरे भाई (बनारसी ठग )) (मोहमद रफ़ी )
650 _aClassical Music
_xExcerpts
_zIndia
_918456
700 _aIqbal Qureshi
_918457
700 _aAkthar Lucknavi
_918458
942 _2ddc
_cGR
999 _c43871
_d43871